|
|
|
|
| LEADER |
00000nas a2200000 a 4500 |
| 001 |
ssj0005100 |
| 003 |
WaSeSS |
| 005 |
20200512172242.0 |
| 006 |
m d |
| 007 |
cr n |
| 008 |
871029c19879999dcuqr p s 0 a0eng c |
| 010 |
|
|
|a 87645585
|
| 016 |
7 |
|
|a 009857669
|2 Uk
|
| 022 |
|
|
|l 0898-4336
|y 0898-4336
|
| 035 |
|
|
|a (WaSeSS)ssj0005100
|
| 037 |
|
|
|b The International Economy, Subscription Dept., P.O. Box 65746, Washington, DC 20077
|
| 040 |
|
|
|a FRY
|b eng
|c FRY
|d OCL
|d DLC
|d HUL
|d NSD
|d HUL
|d NSD
|d NST
|d IUL
|d COO
|d NST
|d SYS
|d GUA
|d OCLCQ
|d NYDWH
|d UQ1
|d MOF
|d U9S
|d OCLCQ
|d UKMGB
|d OCLCQ
|d OCLCF
|d OCLCO
|d DOS
|d OCLCO
|d LIP
|d XFH
|d RDF
|d CBA
|d WaSeSS
|
| 042 |
|
|
|a pcc
|a nsdp
|
| 050 |
0 |
0 |
|a HG3879
|b .I565
|
| 082 |
0 |
0 |
|a 337/.05
|2 19
|
| 210 |
0 |
|
|a Int. econ.
|
| 222 |
|
4 |
|a The International economy
|
| 245 |
0 |
4 |
|a The International economy
|h [electronic resource].
|
| 260 |
|
|
|a Washington, D.C. :
|b International Economy Publications,
|c 1987-
|
| 310 |
|
|
|a Quarterly,
|b 2002
|
| 321 |
|
|
|a Bimonthly,
|b 1987-2001
|
| 362 |
0 |
|
|a [Vol. 1, no. 1] (Oct./Nov. 1987)-
|
| 500 |
|
|
|a Title from cover.
|
| 506 |
|
|
|a License restrictions may limit access.
|
| 588 |
|
|
|a Latest issue consulted: Vol. 16, no. 2 (spring 2002).
|
| 650 |
|
0 |
|a International finance
|v Periodicals.
|
| 650 |
|
0 |
|a International economic relations
|v Periodicals.
|
| 650 |
|
0 |
|a Financial institutions, International
|v Directories.
|
| 650 |
|
6 |
|a Finances internationales
|x Périodiques.
|
| 650 |
|
6 |
|a Relations économiques internationales
|x Périodiques.
|
| 650 |
|
6 |
|a Institutions financières internationales
|x Répertoires.
|
| 650 |
|
7 |
|a Finances internationales.
|2 rasuqam
|
| 650 |
1 |
7 |
|a Économie internationale.
|2 rasuqam
|
| 650 |
|
7 |
|a Institution financière internationale.
|2 rasuqam
|
| 650 |
|
7 |
|a Relations économiques internationales.
|2 rasuqam
|
| 650 |
1 |
7 |
|a Finances internationales.
|2 rasuqam
|
| 650 |
1 |
7 |
|a INTERNATIONAL ECONOMIC RELATIONS.
|2 unbist
|
| 650 |
1 |
7 |
|a INTERNATIONAL ECONOMIC AND SOCIAL POLICY.
|2 unbist
|
| 650 |
|
7 |
|a Financial institutions, International.
|2 fast
|0 (OCoLC)fst00924702
|
| 650 |
|
7 |
|a International economic relations.
|2 fast
|0 (OCoLC)fst00976891
|
| 650 |
|
7 |
|a International finance.
|2 fast
|0 (OCoLC)fst00976945
|
| 655 |
|
0 |
|a Electronic journals.
|
| 850 |
|
|
|a CU-SB
|a CtY-L
|a DLC
|a DeU
|a IaAS
|a InU
|a MH-BA
|a MH-KG
|a MdBJ
|a MdU
|a NIC
|a NN
|a PU-W
|a WaU
|
| 853 |
3 |
3 |
|8 1
|a v.
|b no.
|u 6
|v r
|i (year)
|j (month/month)
|w b
|x 01
|
| 853 |
2 |
0 |
|8 2
|a v.
|b no.
|u 4
|v r
|i (year)
|j (season)
|w q
|
| 856 |
4 |
0 |
|z Full text available from Research Library: 01/01/1999 to present
|u https://search.proquest.com/publication/30294
|
| 863 |
4 |
0 |
|8 1.1
|a 1
|i 1987
|
| 863 |
4 |
1 |
|8 2.1
|a 16
|b 1
|i 2002
|j 24
|